Richest people in Every State - Statistics

General Stats
  • This quiz has been taken 13 times
  • The average score is 6 of 51
Answer Stats
Hint Answer % Correct
Florida Jeff Bezos
83%
California Mark Zuckerberg
83%
West Virginia Brad Smith
42%
Nebraska Warren Buffett
42%
Arkansas Bob Walton
33%
Illinois Lukas Walton
33%
New York Michael Bloomberg
33%
Massachusetts Abigail Johnson
25%
Kansas Charles Koch
25%
Texas Michael Dell
25%
New Hampshire Rick Cohen
25%
Connecticut Steve Cohen
25%
Utah Gail Miller
17%
Minnesota Glen Taylor
17%
Washington Steve Ballmer
17%
Montana Dennis Washington
8%
Pennsylvania Jeff Yass
8%
Ohio Les Wexner
8%
Nevada Miriam Adelson
8%
Oregon Phil Knight
8%
Maryland Annette Lerner
0%
Georgia Bubba Cathy
0%
Indiana Carl Cook
0%
Michigan Daniel Gilbert
0%
Missouri David Steward
0%
Wisconsin Diane Hendricks
0%
Deleware Elizabeth Snyder
0%
Arizona Ernest Garcia
0%
Idaho Frank VanderSloot
0%
North Dakota Gary Tharaldson
0%
Oklahoma Harold Hamm
0%
Iowa Harry Stine
0%
Virginia Jacqueline Mars
0%
North Carolina James Goodnight
0%
Alabama Jimmy Rane
0%
Vermont John Abele
0%
Wyoming John Mars
0%
New Jersey John Overdeck
0%
Rhode Island Jonathan Nelson
0%
Alaska (2) Jonathan Rubini
0%
Alaska Leonard Hyde
0%
Colorado Philip Anschutz
0%
Hawaii Pierre Omidyar
0%
South Carolina Robert Faith
0%
New Mexico Ron Corio
0%
Maine Susan Alfond
0%
Kentucky Tamara Gustavson
0%
South Dakota T. Denny Sanford
0%
Mississippi Thomas and James Duff
0%
Tennessee Thomas Frist Jr.
0%
Louisiana Todd Graves
0%
No matching quizzes found
Score Distribution
Percent of People with Each Score
Percentile by Number Answered
Your Score History
You have not taken this quiz